| 000 | 00741nam a2200217Ii 4500 | ||
|---|---|---|---|
| 003 | JO-AjNU | ||
| 008 | 230605s9999||||xx |||||||||||||| ||und|| | ||
| 017 | _a2010 | ||
| 040 |
_aJO-AjNU _bara _erda _cJO-AjNU |
||
| 041 | _aara | ||
| 050 | 1 | 4 | _aHG1515.J65.S28 2010 |
| 100 | 3 |
_aالسعودي، جميل, _eauthor _929314 |
|
| 245 | 0 | 0 | _aادارة المؤسسات المالية المتخصصة |
| 250 | _aط1 | ||
| 264 | 3 | 1 | _aعمان: دار زهران للنشر والتوزيع، 2010 |
| 300 |
_a250ص _bيحتوي على ببلوغرافية من 247-250ص |
||
| 336 |
_atext _btxt _2rdacontent |
||
| 337 |
_aunmediated _bn _2rdamedia |
||
| 338 |
_avolume _bnc _2rdacarrier |
||
| 650 | 4 |
_aادارة مالية متخصصة _929315 |
|
| 999 |
_aA11480 _c15048 _d15048 |
||